书目信息 |
| 题名: |
心理修养导论
|
|
| 作者: | 黄学规 著 | |
| 分册: | ||
| 出版信息: | 杭州 浙江大学出版社 2009.03 |
|
| 页数: | 306页 | |
| 开本: | 20cm | |
| 丛书名: | ||
| 单 册: | ||
| 中图分类: | B844.2 | |
| 科图分类: | ||
| 主题词: | 大学生--da xue sheng--青年心理学 | |
| 电子资源: | ||
| ISBN: | 978-7-308-06559-7 | |
| 000 | 00754nam0 2200229 450 | |
| 001 | 012009920281 | |
| 005 | 20090918172933.25 | |
| 010 | @a978-7-308-06559-7@dCNY20.00 | |
| 100 | @a20090918d2009 em y0chiy0120 ea | |
| 101 | 0 | @achi |
| 102 | @aCN@b330000 | |
| 105 | @ac z 000yy | |
| 106 | @ar | |
| 200 | 1 | @a心理修养导论@Axin li xiu yang dao lun@f黄学规著@Fhuang xue gui zhu |
| 210 | @a杭州@c浙江大学出版社@d2009.03 | |
| 215 | @a306页@c肖像@d20cm | |
| 330 | @a本书共分九章,主要内容包括了:心理学与人生的危机,人生挫折的普遍性与钝感力,大学生的常见挫折与挫折效应等。 | |
| 606 | 0 | @a大学生@Ada xue sheng@x青年心理学 |
| 690 | @aB844.2@v4 | |
| 701 | 0 | @a黄学规@Ahuang xue gui@4著 |
| 801 | 0 | @aCN@bQSSK@c20090918 |
| 905 | @b756057-59@dB844.2@eH901@f3 | |
| 心理修养导论/黄学规著.-杭州:浙江大学出版社,2009.03 |
| 306页:肖像;20cm |
| ISBN 978-7-308-06559-7:CNY20.00 |
| 本书共分九章,主要内容包括了:心理学与人生的危机,人生挫折的普遍性与钝感力,大学生的常见挫折与挫折效应等。 |
| ● |
| 相关链接 |
|
|
|
正题名:心理修养导论
索取号:B844.2/H901
 
预约/预借
| 序号 | 登录号 | 条形码 | 馆藏地/架位号 | 状态 | 备注 |
| 1 | 756057 | 207560575 | 社科库509/509社科库 38排2列3层/ [索取号:B844.2/H901] | 在馆 | |
| 2 | 756058 | 207560584 | 社科库509/509社科库 38排2列3层/ [索取号:B844.2/H901] | 在馆 | |
| 3 | 756059 | 207560593 | 社科库509/509社科库 38排2列3层/ [索取号:B844.2/H901] | 在馆 |